header

Health economics in development (Record no. 77233)

MARC details
000 -LEADER
fixed length control field 01251nam a2200313Ia 4500
082 04 - DEWEY DECIMAL CLASSIFICATION NUMBER
Classification number 338.4/33621/091724
245 00 - TITLE STATEMENT
Title Health economics in development
260 ## - PUBLICATION, DISTRIBUTION, ETC. (IMPRINT)
Place of publication Washington, DC :
Name of publisher World Bank,
Year of publication 2003.
300 ## - PHYSICAL DESCRIPTION
Number of Pages 455 p.
490 1# - SERIES STATEMENT
Series statement Health, nutrition, and population series
650 #0 - SUBJECT ADDED ENTRY--TOPICAL TERM
Topical Term Medical economics
Topical Term Public health
700 1# - ADDED ENTRY--PERSONAL NAME
Personal name Musgrove, Philip.
856 40 - ELECTRONIC LOCATION AND ACCESS
Uniform Resource Identifier http://site.ebrary.com/lib/rucke/Doc?id=10048800

No items available.

© 2026 Rongo University
Contact us: librarian | system librarian | Rongo university